00766nam a22002177a 450000500170000001000150001702000270003203500140005903700130007308200100008610000170009624500790011326000400019227000440023230000300027650000500030670000250035694200240038199900190040595201240042420161206122959.0 aENG-116751 a9788184845570c1280.00 aEN-100283 bDBAD/PUB a658.3 aSharma, K.C. aManagement of human resources / cby K.G.Sharma [and] Kiyanoush Ghalavand aNew DelhibRegal Publicationsc2016 aF-159 Rajouri GardenbNew Delhie110027 axx,292p. :c23cm(Hb)bill aIncludes bibliographical references and index a Ghalavand,Kiyanoush 2ddccENh658.3mSHA c104981d104981 001040718NFICaDBADbBNd2016-12-06eDBAD/PUBg1280.00l0o658.3 SHApEN-100283r2016-12-06 00:00:00t1v1280.00yEN